| 000 | 01322cam a2200349 a 4500 | ||
|---|---|---|---|
| 001 | 15247682 | ||
| 003 | EG-ScBUE | ||
| 005 | 20220906101034.0 | ||
| 008 | 080404t2009 enkab f b 001 0 eng d | ||
| 020 | _a9780415776257 (pbk) | ||
| 040 |
_aDLC _beng _erda _cDLC _dDLC _dEG-ScBUE |
||
| 082 | 0 | 4 |
_222 _a720.1 _bALL |
| 100 | 1 |
_aAllen, Stan, _eauthor. _913086 |
|
| 245 | 1 | 0 |
_aPractice : _barchitecture, technique + representation / _cStan Allen ; afterword by Jeffrey Kipnis. |
| 250 | _aExpanded second edition. | ||
| 264 | 1 |
_aLondon ; _aNew York : _bRoutledge, _c[2009] |
|
| 264 | 4 | _cc2009 | |
| 300 |
_axxiii, 255 pages : _billustrations, maps ; _c26 cm |
||
| 336 |
_2rdacontent _atext _btxt |
||
| 337 |
_2rdamedia _aunmediated _bn |
||
| 338 |
_2rdacarrier _avolume _bnc |
||
| 504 | _aIncludes bibliographical references and index. | ||
| 650 | 7 |
_aArchitecture, Modern _y20th century. _913088 _2BUEsh |
|
| 650 | 7 |
_913087 _aArchitecture _xPhilosophy. _2BUEsh |
|
| 651 | _2BUEsh | ||
| 653 | _bENGARC | ||
| 655 |
_vReading book _934232 |
||
| 700 | 1 |
_aKipnis, Jeffrey, _eauthor of introduction, etc. _913089 |
|
| 856 | 4 | 1 |
_3Table of contents only _uhttp://www.loc.gov/catdir/toc/ecip0815/2008015689.html |
| 942 |
_2ddc _cBB |
||
| 999 |
_c13771 _d13771 |
||